000 00565nam a2200193Ia 4500
003 OSt
005 20240814140618.0
008 210210b2000 xxu||||| |||| 00| 0 eng d
040 _cAL
041 _akan
082 _a306.8K PERB
100 _aPERLA (M B)
_9166909
_dಪೆರ್ಲ (ಎಂ ಬಿ)
245 _aBharatiya vivaha samskara:
_bಭಾರತೀಯ ವಿವಾಹ ಸಂಸ್ಕಾರ
260 _aPutturu
_bKannada Prapancha Prakashana
_c2000
300 _ax,200
690 _aMarriage & Family
_9166910
906 _aSG03518
942 _2ddc
_cSG
999 _c114510
_d114510